000 00545nam a2200193Ia 4500
005 20250923144258.0
008 008 250917s9999 xx 000 0 eng d
037 _aTextual
040 _aDSWL
_beng
_cDSWL
041 _aeng
_2eng
084 _aL7:4:691, N40
_qDSWL
100 _aWess, E.
_9823156
245 0 _aPsychosomatic medicine
_cby E. Wess
260 _aLondon
_bAndrew Company
_c1946
300 _a687 p.
700 _aO.S. English
_9823157
942 _cTEXL
_hL7:4:691, N40
999 _c1436931
_d1436931